[Event "Junior Online 4NCL Division 4"]
[Site "online"]
[Date "2020.09.17"]
[Round "3.81"]
[White "Sukumar, Vishnu"]
[Black "Soulier, Alfred"]
[Result "0-1"]
[WhiteElo "1000"]
[BlackElo "1585"]
[PlyCount "90"]
[EventDate "2020.09.17"]
[WhiteTeam "Surbiton Juniors E"]
[BlackTeam "KCJS 2"]

1. e4 c5 2. Nf3 d6 3. Nc3 Nf6 4. Bc4 e6 5. O-O Nc6 6. d3 Bd7 7. Bg5 Be7 8. Be3
a6 9. Bg5 b5 10. Bb3 O-O 11. Bxf6 Bxf6 12. Qe2 Qa5 13. Qe3 Bxc3 14. bxc3 Qxc3
15. Qg5 a5 16. a4 b4 17. Nh4 Qe5 18. Qg4 h5 19. Qf3 g5 20. Qxh5 gxh4 21. Qxh4
f6 22. Rae1 Qg5 23. Qxg5+ fxg5 24. Re3 Kg7 25. c4 Nd4 26. Bd1 Rab8 27. Rg3 Kf6
28. Re1 b3 29. Rge3 b2 30. e5+ dxe5 31. Rxe5 b1=Q 32. h3 Qxd1 33. Kh2 Qxd3 34.
R5e3 Qxc4 35. Re5 Qxa4 36. Rxc5 Rfc8 37. Rce5 Nf3+ 38. gxf3 Qf4+ 39. Kg2 Qxe5
40. Rxe5 Kxe5 41. Kg3 a4 42. Kg2 a3 43. Kg3 a2 44. Kg2 a1=Q 45. Kg3 Qg1# 0-1

[Event "Junior Online 4NCL Division 4"]
[Site "online"]
[Date "2020.09.17"]
[Round "3.82"]
[White "Patel, Zain"]
[Black "Devesher, Ishaan"]
[Result "0-1"]
[WhiteElo "1540"]
[BlackElo "1037"]
[PlyCount "95"]
[EventDate "2020.09.17"]
[WhiteTeam "KCJS 2"]
[BlackTeam "Surbiton Juniors E"]

1. e4 e5 2. Nf3 Nc6 3. Bc4 Nf6 4. Ng5 d5 5. exd5 Ne7 6. d6 Be6 7. dxe7 Bxe7 8.
Bxe6 fxe6 9. Nxe6 Qd7 10. Nxg7+ Kf8 11. Nh5 Qe8 12. Nxf6 Bxf6 13. Nc3 e4 14.
O-O Be7 15. Nxe4 Qg6 16. Qf3+ Ke8 17. d4 c6 18. Re1 Bd8 19. Nd6+ Kd7 20. Nf7
Bc7 21. Nxh8 Qd6 22. Qf7+ Kc8 23. Re8+ Bd8 24. Qe6+ Qxe6 25. Rxe6 Kd7 26. Rh6
Bc7 27. Rxh7+ Kd6 28. Bf4+ Ke6 29. Bxc7 Kd5 30. Rd7+ Ke4 31. f3+ Ke3 32. Re1+
Kd2 33. Ba5+ Kxc2 34. Rxb7 Rxh8 35. Rc7 Rh6 36. Bc3 Kd3 37. g4 Rd6 38. f4 Kc4
39. h4 Kd5 40. g5 Rg6 41. h5 Rg7 42. Rxg7 Kd6 43. h6 a5 44. h7 c5 45. dxc5+
Kxc5 46. h8=Q Kc4 47. Rc7+ Kd5 48. Qe5# 0-1

[Event "Junior Online 4NCL Division 4"]
[Site "online"]
[Date "2020.09.17"]
[Round "3.83"]
[White "Ong-Seng, Miles"]
[Black "Singh, Hari"]
[Result "0-1"]
[WhiteElo "900"]
[BlackElo "1495"]
[PlyCount "180"]
[EventDate "2020.09.17"]
[WhiteTeam "Surbiton Juniors E"]
[BlackTeam "KCJS 2"]

1. e4 c5 2. Nf3 d6 3. Nc3 Nf6 4. d3 g6 5. Bf4 Bg7 6. Be2 Bd7 7. O-O Nc6 8. a3
O-O 9. Rb1 Rc8 10. b4 cxb4 11. axb4 a6 12. b5 axb5 13. Nxb5 d5 14. e5 Ng4 15.
e6 Bxe6 16. h3 Nge5 17. Nxe5 Nxe5 18. d4 Nc6 19. c3 Bf5 20. Bd3 Qd7 21. Bxf5
Qxf5 22. Bh2 e5 23. dxe5 Bxe5 24. Bxe5 Qxe5 25. Re1 Qf6 26. Qxd5 Rcd8 27. Qc5
Rfe8 28. Qb6 Rxe1+ 29. Rxe1 Rd2 30. Qe3 Rd8 31. c4 Na5 32. c5 Nc6 33. Qe4 Qf5
34. Qe3 Kg7 35. Qc3+ Qf6 36. Qg3 Rd5 37. Qe3 Qe5 38. Qc1 Rxc5 39. Qd1 Qf6 40.
Qb1 Re5 41. Rxe5 Qxe5 42. Na3 Qe7 43. Nc4 Ne5 44. Na5 Nc6 45. Nxb7 Nd8 46. Na5
Ne6 47. Nc6 Qd6 48. Na5 Qe5 49. Nc6 Qd6 50. Na5 Qe5 51. Nc4 Qd4 52. Nb6 Qf6 53.
Nd5 Qe5 54. Ne7 Qc5 55. Nxg6 hxg6 56. Qb2+ Kh7 57. Qf6 Qc1+ 58. Kh2 Qf4+ 59.
Qxf4 Nxf4 60. Kg3 Nh5+ 61. Kg4 Nf6+ 62. Kg5 Ne4+ 63. Kf4 Nxf2 64. Kg3 Nd3 65.
Kf3 Ne5+ 66. Kg3 f5 67. Kf4 Nd3+ 68. Kf3 Nc5 69. Kf4 Kh6 70. g4 Ne6+ 71. Kg3
f4+ 72. Kf3 Kg5 73. Kg2 Kh4 74. Kh2 f3 75. Kg1 Kxh3 76. Kf2 Kxg4 77. Kf1 Kg3
78. Kg1 f2+ 79. Kf1 g5 80. Ke2 Kg2 81. Kd2 f1=Q 82. Ke3 Qf3+ 83. Kd2 Nd4 84.
Kc1 Qf2 85. Kb1 Kf3 86. Kc1 Ke3 87. Kb1 Kd3 88. Ka1 Kc3 89. Kb1 Qc2+ 90. Ka1
Qb2# 0-1

[Event "Junior Online 4NCL Division 4"]
[Site "online"]
[Date "2020.09.17"]
[Round "3.84"]
[White "Ali, Shahyan"]
[Black "Hutchison, Alec"]
[Result "1-0"]
[WhiteElo "1397"]
[BlackElo "925"]
[PlyCount "137"]
[EventDate "2020.09.17"]
[WhiteTeam "KCJS 2"]
[BlackTeam "Surbiton Juniors E"]

1. e4 e5 2. Bc4 Nc6 3. Nf3 h6 4. Nc3 Nf6 5. d3 Bc5 6. h3 O-O 7. Qe2 Nd4 8. Nxd4
Bxd4 9. Bd2 d6 10. O-O Be6 11. Bxe6 fxe6 12. Qe1 Bxc3 13. Bxc3 Re8 14. Qe2 Rf8
15. a3 Nd7 16. Bd2 d5 17. exd5 exd5 18. Qg4 Rf6 19. c3 Nc5 20. Qe2 Qe7 21. b4
Nd7 22. Be3 e4 23. dxe4 dxe4 24. Rad1 Ne5 25. Bd4 Re8 26. Qxe4 Nc4 27. Qd5+ Qe6
28. Qxb7 Nxa3 29. Bxf6 Qxf6 30. Qxc7 Qg5 31. Qxa7 Nc2 32. Qa5 Qg6 33. c4 Re4
34. Qd5+ Kh7 35. b5 Nb4 36. Qd6 Rxc4 37. Qxg6+ Kxg6 38. Rb1 Nd3 39. b6 Rc8 40.
b7 Rb8 41. Rfd1 Nf4 42. Rdc1 Ne2+ 43. Kh2 Nxc1 44. Rxc1 Rxb7 45. Rc5 Rf7 46.
Kg3 Rf5 47. Rxf5 Kxf5 48. f4 g5 49. fxg5 hxg5 50. Kf3 Kg6 51. g4 Kf6 52. Kg3
Kg6 53. Kf3 Kf6 54. Ke4 Ke6 55. Kf3 Ke5 56. Kg3 Ke4 57. h4 gxh4+ 58. Kxh4 Ke5
59. Kh5 Kf6 60. Kh6 Kf7 61. Kh7 Kf6 62. Kh6 Kf7 63. g5 Kg8 64. Kg6 Kh8 65. Kf7
Kh7 66. g6+ Kh8 67. g7+ Kh7 68. g8=Q+ Kh6 69. Qg6# 1-0

[Event "Junior Online 4NCL Division 4"]
[Site "online"]
[Date "2020.09.17"]
[Round "3.85"]
[White "Soulier, Alfred"]
[Black "Sukumar, Vishnu"]
[Result "1-0"]
[WhiteElo "1585"]
[BlackElo "1000"]
[PlyCount "71"]
[EventDate "2020.09.17"]
[WhiteTeam "KCJS 2"]
[BlackTeam "Surbiton Juniors E"]

1. d4 e6 2. c4 Nf6 3. Nc3 Bd6 4. e4 O-O 5. e5 Bb4 6. exf6 Qxf6 7. Nf3 Bxc3+ 8.
bxc3 d5 9. Bg5 Qg6 10. Bd3 Qh5 11. h3 e5 12. dxe5 c6 13. cxd5 cxd5 14. O-O Bd7
15. Qb3 Bc6 16. Bb5 Bxb5 17. Qxb5 a6 18. Qxd5 Nc6 19. Rab1 Rfd8 20. Bxd8 Rxd8
21. Qe4 Qh6 22. Rxb7 Na5 23. Rb2 Qe6 24. Nd4 Qe7 25. Nc6 Nxc6 26. Qxc6 Qxe5 27.
Rfb1 h6 28. Qxa6 Qxc3 29. Rb8 Rxb8 30. Rxb8+ Kh7 31. Qf1 Qc7 32. Qb1+ g6 33.
Rb7 Qe5 34. Rxf7+ Kg8 35. Qxg6+ Kh8 36. Qh7# 1-0

[Event "Junior Online 4NCL Division 4"]
[Site "online"]
[Date "2020.09.17"]
[Round "3.86"]
[White "Devesher, Ishaan"]
[Black "Patel, Zain"]
[Result "0-1"]
[WhiteElo "1037"]
[BlackElo "1540"]
[PlyCount "50"]
[EventDate "2020.09.17"]
[WhiteTeam "Surbiton Juniors E"]
[BlackTeam "KCJS 2"]

1. e4 c5 2. Nf3 d6 3. Nc3 Nf6 4. Bc4 a6 5. Ng5 e6 6. O-O b5 7. Bd3 Bb7 8. Nf3
b4 9. Ne2 Nxe4 10. Bxe4 Bxe4 11. Ng3 Bb7 12. Re1 Be7 13. d3 O-O 14. c3 bxc3 15.
bxc3 d5 16. d4 Nc6 17. dxc5 Bxc5 18. Qc2 Rc8 19. Ng5 g6 20. Be3 Bxe3 21. Rxe3
Qxg5 22. Rae1 d4 23. cxd4 Nxd4 24. Qd3 Qd5 25. Re5 Qxg2# 0-1

[Event "Junior Online 4NCL Division 4"]
[Site "online"]
[Date "2020.09.17"]
[Round "3.87"]
[White "Singh, Hari"]
[Black "Ong-Seng, Miles"]
[Result "1-0"]
[WhiteElo "1495"]
[BlackElo "900"]
[PlyCount "75"]
[EventDate "2020.09.17"]
[WhiteTeam "KCJS 2"]
[BlackTeam "Surbiton Juniors E"]

1. d4 d5 2. e3 e6 3. Bd3 Bd6 4. Nd2 Nc6 5. Ngf3 Nf6 6. b3 O-O 7. Bb2 Bd7 8. O-O
Nb4 9. Be2 b6 10. c3 Nc6 11. Bd3 Qe7 12. Qc2 e5 13. dxe5 Nxe5 14. Nxe5 Qxe5 15.
Nf3 Qe6 16. Ng5 Qe5 17. Bxh7+ Kh8 18. Nf3 Qe6 19. Bd3 a6 20. c4 dxc4 21. Bxc4
Qe7 22. Ng5 g6 23. Ne4 Bc6 24. Bxf6+ Qxf6 25. Nxf6 Be7 26. Qc3 Bxf6 27. Qxf6+
Kh7 28. Bxf7 Rxf7 29. Qxf7+ Kh8 30. Qf6+ Kh7 31. Qxc6 Re8 32. Rfd1 Re5 33. Rd7+
Re7 34. Rxe7+ Kh6 35. Qf3 g5 36. Qf6+ Kh5 37. f3 Kh4 38. Qh6# 1-0

[Event "Junior Online 4NCL Division 4"]
[Site "online"]
[Date "2020.09.17"]
[Round "3.91"]
[White "Yau, Ethan Y"]
[Black "Popat, Imara"]
[Result "1-0"]
[WhiteElo "1562"]
[BlackElo "1285"]
[PlyCount "115"]
[EventDate "2020.09.17"]
[WhiteTeam "Temple Sutton Juniors"]
[BlackTeam "May The Fork Be With You 4"]

1. e4 e5 2. Nf3 Nc6 3. Bc4 Bc5 4. Nc3 Nf6 5. d3 O-O 6. Bg5 Nd4 7. Nxd4 Bxd4 8.
Nd5 d6 9. Nxf6+ gxf6 10. Bh6 Re8 11. Qh5 Qd7 12. O-O Bxb2 13. Rab1 Bd4 14. Qh4
Qg4 15. Qxf6 Be6 16. Bxe6 Rxe6 17. Qg5+ Qxg5 18. Bxg5 Rg6 19. Bh4 Kh8 20. Rxb7
Rag8 21. Bg3 f5 22. exf5 Rf6 23. Rxc7 Rxf5 24. Rd7 Bc5 25. Rb1 Rgf8 26. Rf1 h5
27. Kh1 Bxf2 28. Rxd6 Bxg3 29. Rxf5 Rxf5 30. hxg3 Rf2 31. Rh6+ Kg8 32. Rxh5
Rxc2 33. Rxe5 Rxa2 34. d4 a5 35. d5 Rd2 36. d6 a4 37. Ra5 Rd4 38. d7 Rxd7 39.
Rxa4 Rd1+ 40. Kh2 Rd6 41. g4 Rh6+ 42. Kg3 Rd6 43. g5 Rg6 44. Kg4 Kg7 45. Ra7+
Kg8 46. Kf5 Rg7 47. Ra8+ Kh7 48. Kg4 Rg8 49. Ra6 Rg6 50. Ra1 Kg7 51. g3 Kg8 52.
Kf5 Rg7 53. g6 Kf8 54. Kf6 Re7 55. Ra8+ Re8 56. g7+ Kg8 57. Rxe8+ Kh7 58. Rh8#
1-0

[Event "Junior Online 4NCL Division 4"]
[Site "online"]
[Date "2020.09.17"]
[Round "3.92"]
[White "Srinivasan, Gowri"]
[Black "Summers, Dylan S"]
[Result "0-1"]
[WhiteElo "1262"]
[BlackElo "1487"]
[PlyCount "70"]
[EventDate "2020.09.17"]
[WhiteTeam "May The Fork Be With You 4"]
[BlackTeam "Temple Sutton Juniors"]

1. d4 Nf6 2. Nc3 d5 3. Nf3 Bf5 4. Bf4 Nc6 5. e3 a6 6. Bd3 Bg6 7. Qe2 e6 8.
O-O-O Bd6 9. Bxd6 Bxd3 10. Qxd3 cxd6 11. e4 dxe4 12. Nxe4 Nxe4 13. Qxe4 d5 14.
Qg4 O-O 15. h4 Qf6 16. h5 h6 17. Qh3 Rac8 18. g4 Qf4+ 19. Kb1 f6 20. Rd3 Nb4
21. Rd2 Qe4 22. Rc1 a5 23. a3 Nc6 24. Re1 Qf4 25. Rxe6 Rce8 26. Rxe8 Rxe8 27.
Rd3 a4 28. b3 axb3 29. Rxb3 Nxd4 30. Nxd4 Qxd4 31. Rxb7 Re1+ 32. Ka2 Ra1+ 33.
Kb3 Qc4+ 34. Kb2 Ra2+ 35. Kb1 Qxc2# 0-1

[Event "Junior Online 4NCL Division 4"]
[Site "online"]
[Date "2020.09.17"]
[Round "3.93"]
[White "Yau, Max Y"]
[Black "Patel, Amya Hetal"]
[Result "0-1"]
[WhiteElo "1277"]
[BlackElo "1247"]
[PlyCount "56"]
[EventDate "2020.09.17"]
[WhiteTeam "Temple Sutton Juniors"]
[BlackTeam "May The Fork Be With You 4"]

1. e4 e6 2. d4 d5 3. exd5 exd5 4. Nc3 Nf6 5. Nf3 Nc6 6. Bf4 Bg4 7. Be2 Be7 8.
O-O O-O 9. a3 Bxf3 10. Bxf3 Ne4 11. Nxe4 dxe4 12. Bxe4 Nxd4 13. Bxb7 Rb8 14.
Be4 Rxb2 15. Be5 Bf6 16. Bxf6 Qxf6 17. Qd3 g6 18. Rfc1 Re8 19. Bd5 c5 20. Qc4
Ne2+ 21. Kf1 Nxc1 22. Rxc1 Rbb8 23. Qxc5 Re5 24. Qc7 Rbe8 25. Bc6 Re2 26. Qxa7
Qxc6 27. Qa5 Qf6 28. c4 Qxf2# 0-1

[Event "Junior Online 4NCL Division 4"]
[Site "online"]
[Date "2020.09.17"]
[Round "3.94"]
[White "Barbier-Ramaiah, Rohan Theo"]
[Black "Patey, Joe"]
[Result "1-0"]
[WhiteElo "1180"]
[BlackElo "1187"]
[PlyCount "43"]
[EventDate "2020.09.17"]
[WhiteTeam "May The Fork Be With You 4"]
[BlackTeam "Temple Sutton Juniors"]

1. d4 d5 2. c4 Bf5 3. Nc3 e6 4. Qb3 Nc6 5. Nf3 Nb4 6. Kd2 c5 7. a3 Qa5 8. axb4
Qxa1 9. bxc5 dxc4 10. Qxb7 Rd8 11. Ne5 Rxd4+ 12. Ke3 Qxc1+ 13. Kxd4 Qf4+ 14. e4
Qxf2+ 15. Kxc4 Qxc5+ 16. Kb3 Qxe5 17. Bb5+ Qxb5+ 18. Nxb5 Be7 19. Qc8+ Bd8 20.
exf5 Ne7 21. Nd6+ Kf8 22. Qxd8# 1-0

[Event "Junior Online 4NCL Division 4"]
[Site "online"]
[Date "2020.09.17"]
[Round "3.95"]
[White "Popat, Imara"]
[Black "Yau, Ethan Y"]
[Result "0-1"]
[WhiteElo "1285"]
[BlackElo "1562"]
[PlyCount "66"]
[EventDate "2020.09.17"]
[WhiteTeam "May The Fork Be With You 4"]
[BlackTeam "Temple Sutton Juniors"]

1. e4 e5 2. Nf3 Nc6 3. Bc4 Bc5 4. d4 exd4 5. Ng5 d5 6. Bxd5 Be6 7. Nxe6 fxe6 8.
Bxe6 Qe7 9. Qg4 Nf6 10. Qf5 g6 11. Qh3 Nd8 12. Bg5 Nxe6 13. e5 Nxg5 14. Qg3
Nfe4 15. Qb3 Qxe5 16. O-O Bd6 17. Re1 Qxh2+ 18. Kf1 Qh1+ 19. Ke2 Qxg2 20. Kd1
Qxf2 21. Rxe4+ Nxe4 22. Qe6+ Kd8 23. Qxe4 Qf1+ 24. Qe1 Qxe1+ 25. Kxe1 Re8+ 26.
Kf1 h5 27. c3 d3 28. Na3 Re3 29. Rd1 Kd7 30. Nc4 Rf8+ 31. Kg1 Rg3+ 32. Kh1 Rf4
33. Kh2 Rh4# 0-1

[Event "Junior Online 4NCL Division 4"]
[Site "online"]
[Date "2020.09.17"]
[Round "3.96"]
[White "Summers, Dylan S"]
[Black "Srinivasan, Gowri"]
[Result "1-0"]
[WhiteElo "1487"]
[BlackElo "1262"]
[PlyCount "75"]
[EventDate "2020.09.17"]
[WhiteTeam "Temple Sutton Juniors"]
[BlackTeam "May The Fork Be With You 4"]

1. e4 e5 2. Nf3 Nc6 3. Bc4 Nf6 4. Ng5 d5 5. exd5 Na5 6. Bb5+ c6 7. dxc6 bxc6 8.
Ba4 h6 9. Nf3 Bd6 10. Nc3 Be6 11. d3 Qc7 12. Be3 O-O 13. O-O Ng4 14. h3 e4 15.
dxe4 Nxe3 16. fxe3 Bc5 17. Re1 Qg3 18. Qe2 Bxh3 19. Rad1 Bd6 20. a3 Bg4 21. Qf2
Qxf2+ 22. Kxf2 Bxf3 23. gxf3 Be7 24. Rg1 Rac8 25. Rd7 Bf6 26. Rxa7 Nc4 27. Ra6
Nxb2 28. Ne2 Nxa4 29. Rxa4 Rb8 30. Rb4 Ra8 31. a4 c5 32. Rc4 Rfc8 33. Nf4 Ra5
34. Nd5 Bh4+ 35. Ke2 Rca8 36. Ra1 g5 37. Rh1 Rxa4 38. Rxc5 1-0

[Event "Junior Online 4NCL Division 4"]
[Site "online"]
[Date "2020.09.17"]
[Round "3.97"]
[White "Patel, Amya Hetal"]
[Black "Yau, Max Y"]
[Result "1/2-1/2"]
[WhiteElo "1247"]
[BlackElo "1277"]
[PlyCount "69"]
[EventDate "2020.09.17"]
[WhiteTeam "May The Fork Be With You 4"]
[BlackTeam "Temple Sutton Juniors"]

1. e4 e5 2. Nf3 Nc6 3. Nc3 Nf6 4. Bb5 a6 5. Bxc6 bxc6 6. Nxe5 Qe7 7. d4 Bb7 8.
O-O d6 9. Nf3 Qe6 10. Bg5 Be7 11. Bxf6 Bxf6 12. Re1 O-O 13. e5 dxe5 14. dxe5
Be7 15. Nd4 Qg6 16. Nde2 c5 17. Ng3 h5 18. Qxh5 Qxh5 19. Nxh5 Rad8 20. Re3 Rd2
21. Rc1 Rfd8 22. Rg3 g6 23. Nf6+ Bxf6 24. exf6 R8d6 25. Re3 Rxf6 26. Ne4 Bxe4
27. Rxe4 Rdxf2 28. Rh4 Kg7 29. Rh3 Kf8 30. Rh8+ Ke7 31. Re1+ Kd6 32. Rd8+ Kc6
33. Ra8 Kb7 34. Rae8 Rxc2 35. R8e2 1/2-1/2

[Event "Junior Online 4NCL Division 4"]
[Site "online"]
[Date "2020.09.17"]
[Round "3.98"]
[White "Patey, Joe"]
[Black "Barbier-Ramaiah, Rohan Theo"]
[Result "0-1"]
[WhiteElo "1187"]
[BlackElo "1180"]
[PlyCount "70"]
[EventDate "2020.09.17"]
[WhiteTeam "Temple Sutton Juniors"]
[BlackTeam "May The Fork Be With You 4"]

1. d4 d5 2. Bf4 Nf6 3. Nc3 Bd7 4. e3 e6 5. Bb5 Nc6 6. Nf3 Bb4 7. Ne5 Ne4 8. Qd3
Nxc3 9. bxc3 Bd6 10. Nxc6 Bxc6 11. Bxd6 Qxd6 12. O-O O-O 13. Rab1 a6 14. Bxc6
Qxc6 15. Rb3 b6 16. Rfb1 Rfe8 17. Ra1 e5 18. a4 a5 19. Qb5 Qe6 20. Rd1 exd4 21.
cxd4 Qe4 22. Qd3 Qg4 23. f3 Qd7 24. c4 Qxa4 25. cxd5 Rad8 26. Ra3 Qd7 27. e4 c6
28. dxc6 Qxc6 29. d5 Qd6 30. h4 Qc5+ 31. Kh1 Qf2 32. Rb3 Rd6 33. Qb5 Rf8 34.
Rb2 Qxh4+ 35. Kg1 Rh6 0-1

[Event "Junior Online 4NCL Division 4"]
[Site "online"]
[Date "2020.09.17"]
[Round "3.101"]
[White "Oh, Julie"]
[Black "Kucukyildiz, Alp Tugrul"]
[Result "1/2-1/2"]
[WhiteElo "1487"]
[BlackElo "1360"]
[PlyCount "88"]
[EventDate "2020.09.17"]
[WhiteTeam "JHJ 2"]
[BlackTeam "Wimbledon Juniors"]

1. e4 e5 2. Nf3 Nf6 3. Nc3 Nc6 4. Bb5 Bc5 5. Nxe5 Nxe5 6. d4 Bb6 7. dxe5 Ng8 8.
Qf3 Ne7 9. Bc4 O-O 10. O-O Ng6 11. Qg3 Qe7 12. Bf4 Nxf4 13. Qxf4 Bd4 14. Nd5
Qxe5 15. Qxe5 Bxe5 16. c3 c6 17. Ne7+ Kh8 18. Nxc8 Raxc8 19. f4 Bd6 20. b4 c5
21. b5 Bc7 22. Rad1 Rcd8 23. Bd5 b6 24. c4 d6 25. g4 Rd7 26. h4 Bd8 27. g5 f6
28. Rf3 fxg5 29. Bc6 Rc7 30. Rxd6 Be7 31. Re6 gxf4 32. h5 Bg5 33. Kg2 Re7 34.
Rd6 Re5 35. Rd7 Re7 36. Rxe7 Bxe7 37. Kh3 Kg8 38. Bd5+ Kh8 39. Kg4 Bd6 40. a4
h6 41. Rf1 Be5 42. Rf3 Bd6 43. Rf1 Be5 44. Rf3 Bd6 1/2-1/2

[Event "Junior Online 4NCL Division 4"]
[Site "online"]
[Date "2020.09.17"]
[Round "3.102"]
[White "Li, Sophia"]
[Black "Groot Wassink, Leon"]
[Result "0-1"]
[WhiteElo "1270"]
[BlackElo "1487"]
[PlyCount "34"]
[EventDate "2020.09.17"]
[WhiteTeam "Wimbledon Juniors"]
[BlackTeam "JHJ 2"]

1. e4 e5 2. Nf3 Nc6 3. d4 exd4 4. Nxd4 Bc5 5. Be3 Qf6 6. c3 Nge7 7. Bc4 O-O 8.
O-O Ne5 9. Bb3 d6 10. h3 Qg6 11. Kh1 Qxe4 12. Re1 Qg6 13. Nd2 b6 14. N4f3 Bb7
15. Rg1 Bxe3 16. fxe3 Qh5 17. Nxe5 Qxh3# 0-1

[Event "Junior Online 4NCL Division 4"]
[Site "online"]
[Date "2020.09.17"]
[Round "3.103"]
[White "Harb, Laith A"]
[Black "Shan-Muhammad, Rohan"]
[Result "1-0"]
[WhiteElo "1472"]
[BlackElo "1075"]
[PlyCount "107"]
[EventDate "2020.09.17"]
[WhiteTeam "JHJ 2"]
[BlackTeam "Wimbledon Juniors"]

1. d4 d5 2. c4 e6 3. Nc3 Nf6 4. Nf3 Bb4 5. Bg5 Nc6 6. e3 h6 7. Bf4 Bxc3+ 8.
bxc3 O-O 9. cxd5 exd5 10. Bd3 Ne4 11. Qc2 Bf5 12. O-O Qc8 13. Nh4 Bh3 14. Bg3
Bf5 15. Nxf5 Qxf5 16. Bxe4 dxe4 17. Bxc7 Rac8 18. Bg3 Ne7 19. Bd6 Rfe8 20. Bc5
b6 21. Bd6 Rc6 22. Be5 Ng6 23. Bg3 Ne7 24. Qa4 Kf8 25. Qxa7 Nd5 26. Rac1 Rxc3
27. Bd6+ Kg8 28. Rxc3 Nxc3 29. Qxb6 Nxa2 30. Qb3 Ra8 31. Ba3 Ra6 32. Qxa2 Rg6
33. Qe2 Qg5 34. g3 Qa5 35. Bc5 Qd8 36. Ra1 Qg5 37. Ra8+ Kh7 38. Ra1 Kg8 39. Rd1
Kh7 40. d5 Rf6 41. Bd4 Rg6 42. Bb2 Rd6 43. Ba3 Rg6 44. d6 Kg8 45. d7 Kh7 46.
d8=Q Qxd8 47. Rxd8 Rf6 48. Qg4 Rg6 49. Qxe4 f6 50. Qf4 f5 51. Qxf5 h5 52. Qxh5+
Rh6 53. Qe8 g5 54. Rd7# 1-0

[Event "Junior Online 4NCL Division 4"]
[Site "online"]
[Date "2020.09.17"]
[Round "3.104"]
[White "Doorduin, Lara"]
[Black "Ward, Cian"]
[Result "0-1"]
[WhiteElo "1075"]
[BlackElo "1465"]
[PlyCount "21"]
[EventDate "2020.09.17"]
[WhiteTeam "Wimbledon Juniors"]
[BlackTeam "JHJ 2"]

1. e4 e5 2. Nf3 Nc6 3. Nc3 Nf6 4. Bb5 d6 5. O-O Bd7 6. Ng5 h6 7. Nd5 hxg5 8.
Nxf6+ Qxf6 9. d3 a6 10. Bc4 Be6 11. Bxe6 0-1

[Event "Junior Online 4NCL Division 4"]
[Site "online"]
[Date "2020.09.17"]
[Round "3.105"]
[White "Kucukyildiz, Alp Tugrul"]
[Black "Oh, Julie"]
[Result "1/2-1/2"]
[WhiteElo "1360"]
[BlackElo "1487"]
[PlyCount "104"]
[EventDate "2020.09.17"]
[WhiteTeam "Wimbledon Juniors"]
[BlackTeam "JHJ 2"]

1. e4 c5 2. Nf3 e6 3. d4 cxd4 4. Nxd4 Nc6 5. Nxc6 bxc6 6. Nc3 d5 7. exd5 cxd5
8. Bb5+ Bd7 9. Qd3 Rb8 10. a4 Bb4 11. Bxd7+ Qxd7 12. Bd2 d4 13. Nb5 Bxd2+ 14.
Qxd2 e5 15. Qg5 f6 16. Qd2 a6 17. Na3 Rxb2 18. Qc1 Qb7 19. Nb5 Qe4+ 20. Kf1
Rxc2 21. Nd6+ Kd7 22. Nxe4 Rxc1+ 23. Rxc1 Ne7 24. Nc5+ Kd6 25. Nxa6 Ra8 26. Nc5
h5 27. Ke2 g5 28. h4 g4 29. Kd3 f5 30. f3 Rf8 31. Nb7+ Kd5 32. Rc5+ Ke6 33. Rf1
e4+ 34. fxe4 fxe4+ 35. Kxe4 Rxf1 36. Re5+ Kf7 37. Kxd4 Nc6+ 38. Kd5 Nxe5 39.
Kxe5 Ra1 40. Kf5 Rxa4 41. Kg5 Rb4 42. Nd6+ Ke6 43. Ne8 Rb5+ 44. Kh6 Ke7 45. Ng7
Kf7 46. Nxh5 Rb6+ 47. Kg5 Rg6+ 48. Kf4 Ke6 49. Ng3 Kf6 50. Nh5+ Ke6 51. Ng3 Kf6
52. Nh5+ Ke6 1/2-1/2

[Event "Junior Online 4NCL Division 4"]
[Site "online"]
[Date "2020.09.17"]
[Round "3.106"]
[White "Groot Wassink, Leon"]
[Black "Li, Sophia"]
[Result "1-0"]
[WhiteElo "1487"]
[BlackElo "1270"]
[PlyCount "151"]
[EventDate "2020.09.17"]
[WhiteTeam "JHJ 2"]
[BlackTeam "Wimbledon Juniors"]

1. e4 e5 2. Nf3 Nc6 3. Bb5 a6 4. Ba4 Nf6 5. O-O b5 6. Bb3 Be7 7. d3 O-O 8. Be3
d5 9. exd5 Nxd5 10. Nbd2 Bg4 11. h3 Bh5 12. c3 a5 13. a4 bxa4 14. Bxa4 Ra6 15.
Bb5 Nxe3 16. fxe3 Rb6 17. Bxc6 Rxc6 18. Rxa5 Re6 19. Qc2 f6 20. e4 c5 21. d4
Qxa5 22. d5 Rd6 23. Nc4 Qa6 24. Nxd6 Qxd6 25. c4 Bd8 26. b3 Ba5 27. Qa2 Bb4 28.
g4 Bg6 29. Qe2 h6 30. Nh4 Bh7 31. Nf5 Qd7 32. h4 Qf7 33. h5 Bc3 34. Rb1 Bxf5
35. gxf5 Bd4+ 36. Kh1 Kh7 37. Qg4 Rg8 38. Qg6+ Qxg6 39. hxg6+ Kh8 40. Kg2 Rb8
41. Kh3 Kg8 42. Kg3 Kf8 43. Kf3 Ke7 44. Ke2 Kd7 45. Kd2 h5 46. Kc2 h4 47. Rh1
Rh8 48. Kb1 h3 49. Ka2 h2 50. Kb1 Rh3 51. Kc2 Be3 52. Kb2 Bf4 53. Ka3 Kc7 54.
Ka4 Kb6 55. b4 cxb4 56. Kxb4 Ka6 57. c5 Kb7 58. Kb5 Kc7 59. d6+ Kd7 60. Kb6
Rb3+ 61. Ka5 Bd2+ 62. Ka4 Rh3 63. Kb5 Be3 64. Kb6 Bd2 65. Kb7 Rb3+ 66. Ka6 Rh3
67. Kb7 Be3 68. c6+ Kd8 69. c7+ Kd7 70. c8=Q+ Kxd6 71. Qe6+ Kc5 72. Qd5+ Kb4
73. Rb1+ Kc3 74. Rb3+ Kc2 75. Qd3+ Kc1 76. Rb1# 1-0

[Event "Junior Online 4NCL Division 4"]
[Site "online"]
[Date "2020.09.17"]
[Round "3.107"]
[White "Shan-Muhammad, Rohan"]
[Black "Harb, Laith A"]
[Result "0-1"]
[WhiteElo "1075"]
[BlackElo "1472"]
[PlyCount "132"]
[EventDate "2020.09.17"]
[WhiteTeam "Wimbledon Juniors"]
[BlackTeam "JHJ 2"]

1. e4 c5 2. Nf3 d6 3. Bc4 Nf6 4. Ng5 e6 5. Nc3 Nbd7 6. d3 Be7 7. O-O O-O 8. Be3
a6 9. d4 cxd4 10. Bxd4 b5 11. Bb3 Bb7 12. a3 h6 13. Nf3 Nxe4 14. Nxe4 Bxe4 15.
Re1 Bb7 16. c3 Bf6 17. Bxf6 Nxf6 18. Bc2 d5 19. Qd3 Ne4 20. g3 Qf6 21. Re3 Rfd8
22. Qd4 Qxd4 23. cxd4 Nf6 24. Ne5 Rac8 25. Rc1 a5 26. Ree1 b4 27. axb4 axb4 28.
b3 Rc3 29. Re3 Rc7 30. Re2 Rdc8 31. f4 Ne4 32. Rg2 g6 33. h4 h5 34. Re2 Nxg3
35. Rg2 Ne4 36. Re2 Nc3 37. Rg2 Na2 38. Ra1 Rxc2 39. Rxc2 Rxc2 40. Nd3 Nc3 41.
Ra7 Bc6 42. Rc7 Bb5 43. Rc8+ Kg7 44. Ne5 Ne2+ 45. Kg2 Nxf4+ 46. Kf3 Rxc8 47.
Kxf4 f6 48. Nf3 Kh6 49. Kg3 g5 50. hxg5+ fxg5 51. Kh3 g4+ 52. Kh4 gxf3 53. Kg3
Be2 54. Kf2 Rc3 55. Kg3 Kg5 56. Kf2 Rxb3 57. Ke1 Rb2 58. Kf2 b3 59. Ke1 Rb1+
60. Kd2 b2 61. Ke3 Re1 62. Kf2 b1=Q 63. Ke3 Qe4+ 64. Kf2 Rf1+ 65. Kg3 Qg4+ 66.
Kh2 Qh4# 0-1

[Event "Junior Online 4NCL Division 4"]
[Site "online"]
[Date "2020.09.17"]
[Round "3.108"]
[White "Ward, Cian"]
[Black "Doorduin, Lara"]
[Result "1-0"]
[WhiteElo "1465"]
[BlackElo "1075"]
[PlyCount "29"]
[EventDate "2020.09.17"]
[WhiteTeam "JHJ 2"]
[BlackTeam "Wimbledon Juniors"]

1. e4 e5 2. Nf3 Nc6 3. d4 exd4 4. Nxd4 Qf6 5. Nxc6 Qxc6 6. Nc3 Bd6 7. Bb5 Qc5
8. Be3 Qe5 9. Bd4 Qg5 10. Qf3 Bb4 11. Bc4 Bxc3+ 12. Bxc3 Nf6 13. Bxf6 Qxf6 14.
Qxf6 gxf6 15. O-O-O 1-0

[Event "Junior Online 4NCL Division 4"]
[Site "online"]
[Date "2020.09.17"]
[Round "3.112"]
[White "Anchan, Arjun"]
[Black "Phillips, Freddie"]
[Result "0-1"]
[WhiteElo "977"]
[BlackElo "1435"]
[PlyCount "164"]
[EventDate "2020.09.17"]
[WhiteTeam "Maidenhead Juniors 2"]
[BlackTeam "Woking Warriors"]

1. e4 e5 2. Nf3 Nc6 3. Bc4 Bc5 4. O-O Nf6 5. d3 O-O 6. Ng5 d5 7. exd5 Nxd5 8.
Bxd5 Qxd5 9. Nc3 Qd8 10. Qe2 Bf5 11. Qf3 Nd4 12. Qd1 Qd7 13. Be3 Bg4 14. f3 Bh5
15. Bxd4 Bxd4+ 16. Kh1 Bxc3 17. bxc3 Qf5 18. Ne4 Rad8 19. Ng3 Qg5 20. Nxh5 Qxh5
21. Rb1 b6 22. Rb5 c6 23. Rb4 b5 24. d4 a5 25. Rb1 exd4 26. cxd4 c5 27. c3 cxd4
28. cxd4 b4 29. Qa4 Rxd4 30. Rfe1 Rdd8 31. Re2 Qd5 32. Rbe1 h6 33. Re8 Rfxe8
34. Rxe8+ Rxe8 35. Qxe8+ Kh7 36. Qa4 b3 37. Qxb3 Qxb3 38. axb3 Kg6 39. Kg1 Kf5
40. Kf2 Ke5 41. Ke2 Kd4 42. Kd2 g5 43. g4 Ke5 44. Ke3 f6 45. h3 Kd5 46. Kd3 Ke5
47. Kc4 Kf4 48. Kb5 Kxf3 49. Kxa5 Kg3 50. b4 Kxh3 51. b5 Kxg4 52. b6 h5 53. b7
h4 54. b8=Q f5 55. Qb4+ f4 56. Qe1 f3 57. Qg1+ Kf4 58. Kb4 g4 59. Kc3 g3 60.
Kd3 f2 61. Qf1 Kf3 62. Kd2 g2 63. Qe2+ Kg3 64. Qe3+ Kh2 65. Qxf2 h3 66. Qf4+
Kh1 67. Qg3 h2 68. Qe1+ g1=Q 69. Qe4+ Qg2+ 70. Qxg2+ Kxg2 71. Ke1 h1=Q+ 72. Ke2
Qf1+ 73. Ke3 Qc4 74. Kd2 Qb3 75. Kc1 Qd3 76. Kb2 Kf2 77. Kc1 Ke2 78. Kb2 Ke3
79. Kc1 Qd2+ 80. Kb1 Kd3 81. Ka1 Kc3 82. Kb1 Qb2# 0-1